| 000 | 00739cam a2200241 a 4500 | ||
|---|---|---|---|
| 001 | 15287627 | ||
| 005 | 20171226035448.0 | ||
| 008 | 080503s2008 maua b 001 0 eng | ||
| 010 | _a 2007905817 | ||
| 020 | _a9780312464394 (pbk.) | ||
| 020 | _a0312464398 (pbk.) | ||
| 040 |
_aDLC _cDLC |
||
| 041 | _aeng | ||
| 080 | _a371 | ||
| 082 | _2371 LUN | ||
| 100 | _a46 | ||
| 101 | _aEDU | ||
| 245 | 0 | 4 |
_aThe presence of others : _c[edited by] Andrea A. Lunsford, John J. Ruszkiewicz. |
| 504 | _aIncludes bibliographical references and index. | ||
| 906 |
_a7 _bcbc _corigcop _d3 _eopcn _f20 _gy-gencatlg |
||
| 942 |
_2ddc _cBK |
||
| 999 |
_c39369 _d39369 |
||